书目信息 |
| 题名: |
六言唐诗画谱
|
|
| 作者: | 黄风池 辑 | |
| 分册: | ||
| 出版信息: | 北京 文物出版社 1982 |
|
| 页数: | 1册 | |
| 开本: | 25cm | |
| 丛书名: | 唐诗画谱 | |
| 单 册: | ||
| 中图分类: | J227 | |
| 科图分类: | ||
| 主题词: | 版画--中国--明代--画册 , 绘画--中国 | |
| 电子资源: | ||
| ISBN: | ||
| 000 | 00728nam2 2200265 45 | |
| 001 | 0182008037 | |
| 005 | 20060324084243.59 | |
| 010 | @dCNY1.00 | |
| 091 | @a8068.968 | |
| 100 | @a19950214d1982 em y0chiy0121 ea | |
| 101 | 0 | @achi |
| 102 | @aCN@b110000 | |
| 105 | @aa z 000yy | |
| 200 | 10 | @a六言唐诗画谱@Aliu yan tang shi hua pu@f(明)黄风池等辑@F(ming)huang feng chi deng ji |
| 210 | @a北京@c文物出版社@d1982 | |
| 215 | @a1册@d25cm | |
| 225 | 2 | @a唐诗画谱@v2 |
| 410 | 0 | @120010@a唐诗画谱 |
| 606 | @a版画@y中国@z明代@x画册 | |
| 606 | 0 | @a绘画@x中国 |
| 690 | @aJ227@v4 | |
| 701 | 0 | @a黄风池@Ahuang feng chi@4辑 |
| 801 | 2 | @aCN@bNLC@c20060324 |
| 801 | 0 | @aCN@b上海图书馆@c20040518 |
| 905 | @f1@b61809@dJ227@e43:2 | |
| 六言唐诗画谱/(明)黄风池等辑.-北京:文物出版社,1982 |
| 1册;25cm.-(唐诗画谱;2) |
| ISBN :CNY1.00 |
| ● |
| 相关链接 |
|
|
|
|
正题名:六言唐诗画谱
索取号:J227/43:2
 
预约/预借
| 序号 | 登录号 | 条形码 | 馆藏地/架位号 | 状态 | 备注 |
| 1 | 0061807 | 202239078 | 密集书库/ [索取号:J227/43:2] | 在馆 | |
| 2 | 0061809 | 000795161 | 第一借阅区/ [索取号:J227/43:2] | 在馆 | |
| 3 | 0228365 | 000795170 | 第一样本阅览室/ [索取号:J227/43:2] | 在馆 |